000 00448nam a2200157Ia 4500
008 160316s2002 xxu||||| |||| 00| 0 eng d
082 _a341.650000
_bINT-3
100 _a Anna
245 _aInternational humanitarian law at the national level : Impact and role of national committee
250 _a
260 _aGeneva
_bI C R C
_c2002
300 _a239p
_b
_c
365 _b Gratis
650 _a1. International Humanitarian Law
700 _a
_a
999 _c39349
_d39349